| 000 | 01611cam a2200421 a 4500 | ||
|---|---|---|---|
| 020 | _a0333440684 | ||
| 082 |
_a302.35 _bWAL _cL-37,p177 |
||
| 100 | 1 |
_aWallis, M. A. H. _937546 |
|
| 245 | 1 | 0 |
_aBureaucracy, its role in Third World development / _cMalcolm Wallis. |
| 260 |
_aLondon : _bMacmillan, _c1989. |
||
| 260 |
_bService Book Club _c1991 |
||
| 300 |
_avii, 228 p. ; _c22 cm. |
||
| 490 | 1 | _aDevelopment studies | |
| 526 |
_a0 _b0 _c0 _d302_350000000000000_WAL |
||
| 526 |
_a0 _b0 _c0 _d302_350000000000000_WAL |
||
| 526 |
_a0 _b0 _c0 _d302_350000000000000_WAL |
||
| 526 |
_a0 _b0 _c0 _d302_350000000000000_WAL |
||
| 526 |
_a0 _b0 _c0 _d302_350000000000000_WAL |
||
| 526 |
_a0 _b0 _c0 _d302_350000000000000_WAL |
||
| 526 |
_a0 _b0 _c0 _d302_350000000000000_WAL |
||
| 526 |
_a0 _b0 _c0 _d302_350000000000000_WAL |
||
| 526 |
_a0 _b0 _c0 _d302_350000000000000_WAL |
||
| 526 |
_a0 _b0 _c0 _d302_350000000000000_WAL |
||
| 526 |
_a0 _b0 _c0 _d302_350000000000000_WAL |
||
| 526 |
_a0 _b0 _c0 _d302_350000000000000_WAL |
||
| 526 |
_a0 _b0 _c0 _d302_350000000000000_WAL |
||
| 526 |
_a0 _b0 _c0 _d302_350000000000000_WAL |
||
| 526 |
_a0 _b0 _c0 _d302_350000000000000_WAL |
||
| 526 |
_a0 _b0 _c0 _d302_350000000000000_WAL |
||
| 526 |
_a0 _b0 _c0 _d302_350000000000000_WAL |
||
| 526 |
_a0 _b0 _c0 _d351_001000000000000_91724_WAL |
||
| 526 |
_a0 _b0 _c0 _d351_001000000000000_91724_WAL |
||
| 526 |
_a0 _b0 _c0 _d351_001000000000000_91724_WAL |
||
| 526 |
_a0 _b0 _c0 _d351_001000000000000_91724_WAL |
||
| 650 | 0 |
_aBureaucracy _zDeveloping countries. _937547 |
|
| 650 | 0 |
_aPublic administration _zDeveloping countries. _937548 |
|
| 942 |
_2ddc _cBK |
||
| 999 |
_c542400 _d542400 |
||